L'Ile-de-France de A à Z - Statistiques

Statistiques générales
  • Ce quiz a été pris 57 fois
  • Le résultat moyen est 7 sur 26
Statistiques - réponses
Lettre Question Réponse % Correct
B Aéroport historique de Paris, aujourd'hui réservé à l'aviation d'affaires. Le... Bourget
89%
L Nom antique de Paris Lutèce
77%
D Cette commune a accueilli de 1941 à 1944 le principal camp d'internement des juifs en attente de déportation Drancy
74%
O Un des canaux parisiens est appelé le canal de l' Ourcq
60%
I Commune limitrophe de l'héliport de Paris Issy-les-Moulineaux
51%
X Surnom de l'Ecole polytechnique installée en Ile-de-France X
49%
Z Cet écrivain du XIXe siècle possédait une maison à Médan (prénom et nom) Emile Zola
46%
F L'autoroute qui fait le tour de la capitale à 10 km à l'extérieur Francilienne
46%
M Chassé de Paris en 1138, le théologien Abélard trouve refuge en Seine-et-Marne à Melun
42%
Y Affluent de la rivière gauche de la Seine Yonne
40%
V Le somptueux château de Nicolas Fouquet peut se voir à Vaux-le-Vicomte
39%
U Ancien nom de Paris La Défense Arena U Arena
30%
K Commune de naissance de l'actrice Suzanne Flon Kremlin-Bicêtre
25%
A En 1899 y a été créé le premier cimetière pour chiens du monde Asnières-sur-Seine
21%
G Le parc Mirapolis, qui a fonctionné de 1987 à 1991 à Cergy-Pontoise était dominé par une statue représentant Gargantua
12%
H Ancien pays de France ayant eu pour capitale Dourdan Hurepoix
9%
R Il se trouve à Ecouen, le musée national de la Renaissance
9%
C Gaulois qui habitaient les Yvelines Carnutes
5%
W St Romain serait né dans ce village Wy-dit-joli-village
5%
S Dans ce village est signé le traité qui met fin aux invasions vikings en 911 Saint-Clair-sur-Epte
4%
E Affluent de la rive droite de la Seine Epte
2%
J Une île de loisirs a été installée dans cette commune en 1972 dans une ancienne gravière Jablines
2%
Q Née à Paris, elle chante en 1983 "Mise au point" (prénom et nom) Jakie Quartz
2%
N Le point culminant de la région est sur la commune de Neuilly-en-Vexin
0%
P Le 1er aérodrome organisé du monde est créé en 1909 dans l'Essonne à (...) sur la commune de Viry-Châtillon Port-aviation
0%
T Le festival Terra di cinema se déroule à Tremblay en France
0%
Aucun quiz correspondant
Distribution des résultats
% des personnes avec chaque résultat
Percentile par nombre de réponses
Votre historique - résultats
Vous n’avez pas pris ce quiz